Państwa, które pokonują Brazylię - Statystyki

Ogólne statystyki
  • Ten quiz został rozwiązany 2 436 razy
  • Średni wynik to 9 z 16
Statystyki odpowiedzi
Pozycja Kategoria Państwo % Poprawnych
5 Największa populacja Chiny | Indie | Stany Zjednoczone | Indonezja
100%
7 Najbardziej wysunięty na południe punkt Chile | Argentyna | Australia | Nowa Zelandia | Republika Południowej Afryki | Urugwaj
98%
4 Najwięcej państw graniczących Chiny | Rosja | Francja
96%
2 Najwięcej gwiazd na fladze Stany Zjednoczone
87%
2 Najwięcej lasów Rosja
85%
12 Najwyższy wskaźnik morderstw Jamajka | Lesotho | Honduras | Belize | Wenezuela | Saint Vincent i Grenadyny | Republika Południowej Afryki | Saint Kitts i Nevis | Bahamy | Trynidad i Tobago | Meksyk
79%
6 Stolica najdalej od stolic innych państw Australia | Nowa Zelandia | Timor Wschodni | Palau | Islandia
73%
2 Najwięcej chrześcijan Stany Zjednoczone
70%
2 Najwięcej lasów tropikalnych Indonezja
59%
4 Wyższa produkcja bananów Indie | Chiny | Indonezja
51%
2 Najwięcej katedr Włochy
43%
4 Największa produkcja kakao Wybrzeże Kości Słoniowej | Ghana | Indonezja
32%
2 # razy organizując Mistrzostwa Świata w piłce nożnej mężczyzn(do 2026 roku) Meksyk
23%
7 Ostatnio założona stolica Palau | Mjanma | Nigeria | Mikronezja | Belize | Botswana
21%
2 Wydobywanie rud żelaza Australia
18%
2 Największy teren pokryty mangrowcami Indonezja
15%
Nie znaleziono quizów pasujących do podanych kryteriów
Rozkład punktacji
Procent ludzi z każdym wynikiem
Percentyl według liczby udzielonych odpowiedzi
Twoja historia wyników
Nie rozwiązałeś tego quizu